| 000 | 00332nam a22001337a 4500 | ||
|---|---|---|---|
| 005 | 20250901165814.0 | ||
| 008 | 250328b |||||||| |||| 00| 0 eng d | ||
| 020 | _a9966229329 | ||
| 050 | _aPL 8704 .M86 2012 | ||
| 245 |
_aMkakasi _cGeoffrey Mung'ou |
||
| 260 |
_aNairob: _bJKF, _c2012. |
||
| 300 |
_avi, 210 p.: _c18 cm. |
||
| 942 | _2lcc | ||
| 999 |
_c9461 _d9461 |
||